[Event "Olimpiadi 2008 - open"]
[Site "Dresda GER"]
[Date "2008.11.25"]
[Round "11"]
[White "Sulskis, S."]
[Black "Fridman, D2."]
[Result "1/2-1/2"]
[WhiteElo "2572"]
[BlackElo "2630"]
[PlyCount "134"]
[EventDate "2008.11.13"]
[Source "www.chesslib.no"]
[SourceDate "2004.05.04"]

1. e4 e5 2. f4 exf4 3. Nf3 Ne7 4. Nc3 d5 5. d4 dxe4 6. Nxe4 Ng6 7. Bc4 Be7 8. h4 Bf5 9. Qe2 Nc6 10. c3 O-O 11. h5 Nh4 12. Bxf4 Bxe4 13. Qxe4 Nxg2+ 14. Kd2 Nxf4 15. Qxf4 Bd6 16. Qf5 Ne7 17. Qe4 Qd7 18. Ng5 Qf5 19. Qxf5 Nxf5 20. Raf1 Nh6 21. Rhg1 Rae8 22. Rf6 Re7 23. Kc2 Kh8 24. Rf3 f6 25. Bd3 Rfe8 26. Nxh7 Re3 27. Rxe3 Rxe3 28. Bg6 Re2+ 29. Kd3 Re7 30. b4 Nf7 31. Nf8 Kg8 32. Bxf7+ Kxf7 33. Ng6 Re8 34. Rf1 b5 35. a4 a6 36. axb5 axb5 37. Rf5 Rb8 38. Rf1 Ra8 39. Rf5 Rb8 40. Ke4 Ke6 41. Nf4+ Kd7 42. Ng6 Re8+ 43. Kd3 c6 44. Rf1 Ra8 45. h6 gxh6 46. Rxf6 Re8 47. Rf7+ Ke6 48. Rh7 Kf6 49. Ne5 Bxe5 50. Rxh6+ Kg7 51. Rxc6 Bh2 52. Rc5 Rb8 53. Ke4 Kf7 54. Rh5 Bg3 55. Rf5+ Ke6 56. Rg5 Bd6 57. Rg6+ Kd7 58. Kd5 Be7 59. Ra6 Rb7 60. Rc6 Ra7 61. Rb6 Rc7 62. Rxb5 Rxc3 63. Rb7+ Kd8 64. b5 Re3 65. b6 Kc8 66. Rc7+ Kb8 67. Rd7 Bf6 1/2-1/2

[Event "FRA-chT"]
[Site "Montpellier"]
[Date "2001.05.01"]
[Round "11.1"]
[White "Morozevich, Alexander"]
[Black "Beikert, Guenther"]
[Result "1-0"]
[WhiteElo "2745"]
[BlackElo "2443"]
[PlyCount "63"]
[EventDate "2001.04.??"]
[Source "www.chesslib.no"]
[SourceDate "2004.05.04"]

1. e4 e5 2. f4 exf4 3. Nf3 Ne7 4. d4 d5 5. Nc3 dxe4 6. Nxe4 Ng6 7. h4 Bf5 8. Qe2 Bb4+ 9. Kf2 O-O 10. h5 Re8 11. hxg6 Rxe4 12. Qc4 hxg6 13. Qxb4 Nc6 14. Qc3 Bg4 15. Bd3 Bxf3 16. gxf3 Rxd4 17. b3 Ne5 18. Bb2 c5 19. Rh3 f6 20. Be2 Kf7 21. Qe1 Qd7 22. Rh2 Rd2 23. Bxe5 fxe5 24. Kf1 Kf6 25. Qh4+ g5 26. Qh7 Qd4 27. Re1 Qe3 28. Qh3 Qd4 29. Bc4 Re8 30. Rxd2 Qxd2 31. Bd3 g6 32. Qd7 1-0

[Event "Belgique 71/311"]
[Site "?"]
[Date "1997.??.??"]
[Round "?"]
[White "Renet, Olivier"]
[Black "Sokolov, Ivan"]
[Result "0-1"]
[WhiteElo "2520"]
[BlackElo "2635"]
[PlyCount "48"]
[EventDate "1997.??.??"]
[Source "ChessBase"]
[SourceDate "1997.10.01"]

1. e4 e5 2. f4 exf4 3. Nf3 Ne7 4. d4 d5 5. Nc3 dxe4 6. Nxe4 Nd5 7. Bd3 Be7 8. c4 Ne3 9. Qe2 Bb4+ 10. Kf2 O-O 11. Bxe3 fxe3+ 12. Qxe3 Be7 13. Rae1 Bf5 14. h4 Bb4 15. Re2 Nd7 16. a3 Bxe4 17. Bxe4 Bd6 18. Bxb7 Nf6 19. Qc3 Rb8 20. Bc6 Ng4+ 21. Ke1 Qf6 22. Ba4 c5 23. Rf1 Bg3+ 24. Kd1 cxd4 0-1

[Event "ct"]
[Site "Montpellier ct"]
[Date "1985.??.??"]
[Round "9"]
[White "Spassky, Boris Vasily"]
[Black "Seirawan, Yasser"]
[Result "1-0"]
[WhiteElo "2580"]
[BlackElo "2570"]
[PlyCount "23"]
[EventDate "1985.??.??"]
[Source "www.chesslib.no"]
[SourceDate "2004.05.04"]

1. e4 e5 2. f4 exf4 3. Nf3 Ne7 4. d4 d5 5. Nc3 dxe4 6. Nxe4 Ng6 7. h4 Qe7 8. h5 Nh4 9. Bxf4 Nc6 10. Bb5 Nxf3+ 11. gxf3 Bf5 12. Qd3 1-0

[Event "Elista (ol) 73/338"]
[Site "?"]
[Date "1998.??.??"]
[Round "?"]
[White "Gallagher, Joseph G"]
[Black "Malaniuk, Vladimir P"]
[Result "0-1"]
[WhiteElo "2525"]
[BlackElo "2590"]
[PlyCount "126"]
[EventDate "1998.??.??"]
[Source "ChessBase"]
[SourceDate "1998.06.01"]

1. e4 e5 2. f4 exf4 3. Nf3 Ne7 4. d4 d5 5. Nc3 dxe4 6. Nxe4 Nd5 7. Bd3 Be7 8. c4 Ne3 9. Qe2 Bg4 10. Bxe3 fxe3 11. O-O-O Nc6 12. d5 Ne5 13. Qxe3 Nxd3+ 14. Rxd3 O-O 15. Ne5 Bf5 16. Rf1 Bxe4 17. Qxe4 Bd6 18. Nf3 Qf6 19. Re1 a6 20. Qd4 Qg6 21. g3 b5 22. Nh4 Qg5+ 23. Qe3 Qxe3+ 24. Rdxe3 bxc4 25. Nf5 g6 26. Ne7+ Kh8 27. Kc2 f5 28. Nc6 f4 29. gxf4 Rxf4 30. h3 Raf8 31. Kc3 Rh4 32. R1e2 Bc5 33. Re4 Rxh3+ 34. Kxc4 Bd6 35. a4 Kg7 36. b4 Rff3 37. Rc2 Re3 38. Rxe3 Rxe3 39. a5 Re4+ 40. Kd3 Re8 41. Kc4 h5 42. b5 axb5+ 43. Kxb5 h4 44. a6 h3 45. a7 h2 46. Rc1 Ra8 47. Ka6 g5 48. Nd4 g4 49. Kb7 Rxa7+ 50. Kxa7 g3 51. Nf5+ Kf6 52. Nxg3 Bxg3 53. Kb7 Kf5 54. Kc6 Ke4 55. Rb1 Kf3 56. Ra1 Kg2 57. Ra2+ Kf1 58. Ra3 h1=Q 59. Rxg3 Qh6+ 60. Kb5 Qd6 61. Rd3 Ke2 62. Rd4 Ke3 63. Rd1 Ke4 0-1

[Event "Nikolaev zt"]
[Site "Nikolaev"]
[Date "1995.??.??"]
[Round "2"]
[White "Fedorov, Alexei"]
[Black "Malaniuk, Vladimir P"]
[Result "1/2-1/2"]
[WhiteElo "2495"]
[BlackElo "2615"]
[PlyCount "36"]
[EventDate "1995.03.??"]
[Source "ChessBase"]

1. e4 e5 2. f4 exf4 3. Nf3 Ne7 4. d4 d5 5. e5 Ng6 6. c4 dxc4 7. Bxc4 Be7 8. Nc3 O-O 9. Ne2 Nd7 10. Nxf4 Nb6 11. Nxg6 hxg6 12. Bb3 a5 13. a3 Nd5 14. h4 Bg4 15. Bg5 Re8 16. Bxe7 Rxe7 17. Qd2 Rd7 18. O-O Bxf3 1/2-1/2

[Event "Reykjavik"]
[Site "?"]
[Date "2000.??.??"]
[Round "?"]
[White "Arizmendi Martinez, J."]
[Black "Sokolov, I."]
[Result "0-1"]
[WhiteElo "2445"]
[BlackElo "2635"]
[PlyCount "72"]
[EventDate "2000.??.??"]
[Source "Chess Informant"]
[SourceDate "2000.02.01"]

1. e4 e5 2. f4 exf4 3. Nf3 Ne7 4. d4 d5 5. Nc3 dxe4 6. Nxe4 Nd5 7. Bd3 Bg4 8. O-O Be7 9. c4 Ne3 10. Bxe3 fxe3 11. h3 Bh5 12. Qe2 Nc6 13. g4 Bg6 14. Qxe3 O-O 15. a3 Re8 16. d5 Nb8 17. Ne5 Nd7 18. Nxd7 Qxd7 19. Qf3 Bf8 20. Nf2 Bc5 21. Bxg6 fxg6 22. b4 Re3 23. Qg2 Bd6 24. Ne4 Be5 25. Rae1 Rxa3 26. Rf3 Rxf3 27. Qxf3 Qe7 28. Nc5 Bd4+ 29. Kf1 Qd6 30. Ne6 Qxb4 31. Qd3 Bb6 32. Re4 Qb2 33. Rf4 Qc1+ 34. Ke2 Re8 35. Qf3 Bc5 36. Kd3 Bb4 0-1

[Event "Nederland"]
[Site "?"]
[Date "1995.??.??"]
[Round "?"]
[White "Riemersma, L."]
[Black "Sokolov, I."]
[Result "0-1"]
[WhiteElo "2430"]
[BlackElo "2645"]
[PlyCount "65"]
[EventDate "1995.??.??"]
[Source "ChessBase"]
[SourceDate "1995.06.01"]

1. e4 e5 2. f4 exf4 3. Nf3 Ne7 4. d4 d5 5. Nc3 dxe4 6. Nxe4 Nd5 7. Bc4 Be7 8. O-O O-O 9. Ne5 Be6 10. Qh5 Nf6 11. Nxf6+ Bxf6 12. Rxf4 Bxc4 13. Nxc4 Bxd4+ 14. Be3 Bxe3+ 15. Nxe3 Qd6 16. Rh4 Qg6 17. Qxg6 fxg6 18. Nd5 Rf7 19. Re1 Nc6 20. b4 Rd8 21. c4 h6 22. Rhe4 Kh7 23. h4 Rdf8 24. Re8 Rxe8 25. Rxe8 Nd4 26. Re4 Nf5 27. c5 c6 28. Nc3 h5 29. Rf4 Rd7 30. Ne4 Kg8 31. Ng5 Rd4 32. Rxd4 Nxd4 33. a4 0-1

[Event "Olimpiadi 2008 - open"]
[Site "Dresda GER"]
[Date "2008.11.13"]
[Round "1"]
[White "Can, E."]
[Black "Howell, D."]
[Result "1/2-1/2"]
[WhiteElo "2464"]
[BlackElo "2593"]
[PlyCount "68"]
[EventDate "2008.11.13"]
[Source "www.chesslib.no"]
[SourceDate "2004.05.04"]

1. e4 e5 2. f4 exf4 3. Nf3 Ne7 4. Bc4 d5 5. exd5 Nxd5 6. O-O Be7 7. d4 O-O 8. Bxd5 Qxd5 9. Bxf4 c6 10. Nc3 Qa5 11. Qe1 Be6 12. Qg3 Qh5 13. Rae1 Nd7 14. Bd6 Bxd6 15. Qxd6 Nb6 16. Ne4 Bd5 17. Nc5 Nc4 18. Qf4 Nxb2 19. Re5 Qg6 20. Rg5 Qh6 21. Nd7 f6 22. Nxf8 Rxf8 23. Rg4 Qxf4 24. Rxf4 Bxa2 25. Ra1 Bd5 26. Rxa7 Nc4 27. Ne1 Re8 28. Nd3 Nd6 29. Ra1 Re2 30. Rf2 Re4 31. Ne5 Kf8 32. Nf3 Re3 33. Re1 Rc3 34. Rd1 Be4 1/2-1/2

[Event "Swidnica op-A"]
[Site "?"]
[Date "2000.??.??"]
[Round "10"]
[White "Miroshnichenko Evgenij"]
[Black "Malaniuk Vladimir P"]
[Result "1/2-1/2"]
[WhiteElo "2465"]
[BlackElo "2570"]
[PlyCount "72"]
[EventDate "2000.??.??"]
[Source "www.chesslib.no"]
[SourceDate "2004.05.04"]

1. e4 e5 2. f4 exf4 3. Nf3 Ne7 4. d4 d5 5. Qe2 Bg4 6. Nc3 Nbc6 7. exd5 Nxd4 8. Qe4 Nxf3+ 9. gxf3 Bf5 10. Qe5 Qd6 11. Bb5+ Bd7 12. Bxd7+ Kxd7 13. Qe4 Ng6 14. Qa4+ Kd8 15. Bd2 Qb4 16. Qxb4 Bxb4 17. O-O-O Kd7 18. a3 Be7 19. Ne4 f5 20. Nf2 Ne5 21. Bc3 Nxf3 22. Rd3 Nh4 23. Bxg7 Rhg8 24. Be5 Bc5 25. Bd4 Bd6 26. Rh3 Be7 27. Nd3 Rae8 28. Nxf4 Rg4 29. Ne6 c6 30. c4 c5 31. Bxc5 Rxc4+ 32. Kb1 Bxc5 33. Nxc5+ Rxc5 34. Rxh4 Re7 35. Rd1 Rf7 36. Rd3 f4 1/2-1/2

[Event "Porto Mannu"]
[Site "Palau ITA"]
[Date "2007.05.21"]
[Round "3.2"]
[White "Shytaj, Luca"]
[Black "Godena, Michele"]
[Result "1-0"]
[WhiteElo "2451"]
[BlackElo "2558"]
[PlyCount "93"]
[EventDate "2007.05.19"]
[Source "www.chesslib.no"]
[SourceDate "2004.05.04"]

1. e4 e5 2. f4 exf4 3. Nf3 Ne7 4. Bc4 d5 5. exd5 Nxd5 6. Nc3 Nxc3 7. dxc3 Qe7+ 8. Be2 Qd6 9. Qd4 Nc6 10. Qa4 Qf6 11. Bxf4 Bd6 12. Bg5 Qg6 13. O-O-O O-O 14. h4 Re8 15. Rde1 Bd7 16. h5 Qf5 17. Bd3 Qg4 18. Qxg4 Bxg4 19. h6 g6 20. Nd4 Nxd4 21. cxd4 Bg3 22. Rxe8+ Rxe8 23. Kd2 c6 24. c4 Bc7 25. b4 Bd8 26. Bxd8 Rxd8 27. Re1 Kf8 28. Kc3 Be6 29. a4 Ke7 30. b5 Kf6 31. Re5 Rc8 32. Rc5 cxb5 33. Rxb5 Rc7 34. a5 Bd7 35. Re5 Be6 36. Be2 Ke7 37. d5 Kd6 38. Kd4 Bd7 39. Re3 Rc5 40. Rb3 Bc8 41. Rf3 f5 42. Re3 Rxa5 43. Re8 Bd7 44. Rh8 Ra2 45. c5+ Kc7 46. Bf3 Ra4+ 47. Ke5 1-0

[Event "Pre Continental g/25' 10''"]
[Site "Sao Paulo"]
[Date "2001.07.29"]
[Round "10"]
[White "Matsuura, Everaldo"]
[Black "Leitao, Rafael"]
[Result "0-1"]
[WhiteElo "2437"]
[BlackElo "2571"]
[PlyCount "74"]
[EventDate "2001.07.28"]
[Source "ChessBase"]
[SourceDate "2001.09.11"]

1. e4 e5 2. f4 exf4 3. Nf3 Ne7 4. d4 d5 5. e5 Ng6 6. Bd3 Be7 7. O-O O-O 8. c3 c5 9. Bd2 Nc6 10. Na3 Bg4 11. Nc2 c4 12. Be2 f6 13. exf6 Rxf6 14. Ne5 Bxe2 15. Qxe2 Bd6 16. Nxg6 hxg6 17. Qg4 Qc8 18. Qg5 Qf5 19. Qxf5 Rxf5 20. Rae1 Rf6 21. Re2 g5 22. h3 Kf7 23. Ne1 Re8 24. Rxe8 Kxe8 25. Nf3 Rg6 26. Nh2 Kd7 27. Re1 Re6 28. Nf3 Rxe1+ 29. Bxe1 Be7 30. g4 fxg3 31. Bxg3 Ke6 32. Kf2 b5 33. Ke3 b4 34. Be1 a5 35. cxb4 axb4 36. Bd2 Kf5 37. Nh2 Bd6 0-1

[Event "Rilton Cup 97/98"]
[Site "Stockholm"]
[Date "1998.??.??"]
[Round "2"]
[White "Furhoff, Johan"]
[Black "Sokolov, Ivan"]
[Result "0-1"]
[WhiteElo "2360"]
[BlackElo "2635"]
[PlyCount "82"]
[EventDate "1997.12.??"]
[Source "www.chesslib.no"]
[SourceDate "2004.05.04"]

1. e4 e5 2. f4 exf4 3. Nf3 Ne7 4. d4 d5 5. Nc3 dxe4 6. Nxe4 Nd5 7. Bc4 Be7 8. O-O c6 9. Ne5 Be6 10. Bxf4 Nxf4 11. Rxf4 Bxc4 12. Nxc4 O-O 13. Qd3 Nd7 14. Raf1 Nb6 15. Nc3 Bg5 16. R4f3 Nxc4 17. Qxc4 Qe7 18. d5 cxd5 19. Nxd5 Qe6 20. Qb3 Rad8 21. c4 Rd7 22. Rd3 Qc6 23. Rfd1 Rd6 24. a4 Qc5+ 25. Kh1 Re6 26. Rf3 Qc6 27. Rdf1 f6 28. c5 Kh8 29. Qc4 Rfe8 30. Nc3 Re5 31. b4 a5 32. Nb5 Rd8 33. Rd3 Rxd3 34. Qxd3 axb4 35. Nd6 Rxc5 36. Nxb7 Rd5 37. Qe4 h6 38. Qe7 Rd7 39. Qf8+ Kh7 40. Nc5 Rd2 41. Rg1 Be3 0-1

[Event "It (open)"]
[Site "Ceska Trebova (Czech Republic"]
[Date "2007.08.16"]
[Round "8"]
[White "Stocek Jiri (CZE)"]
[Black "Stryjecki Marek (POL)"]
[Result "1-0"]
[WhiteElo "2572"]
[BlackElo "2416"]
[PlyCount "49"]
[EventDate "2007.??.??"]
[Source "www.chesslib.no"]
[SourceDate "2004.05.04"]

1. e4 e5 2. f4 exf4 3. Nf3 Ne7 4. Qe2 Ng6 5. Nc3 Be7 6. d4 c6 7. Bd2 d5 8. O-O-O Be6 9. h4 h5 10. exd5 cxd5 11. Ng5 Bxg5 12. hxg5 Nc6 13. Rxh5 O-O 14. g3 Nxd4 15. Qf2 Bg4 16. Rh1 Bxd1 17. Nxd1 Nc6 18. gxf4 f5 19. Ne3 Qd6 20. Qh2 Nce7 21. Bd3 Qxf4 22. Qh7+ Kf7 23. Nxf5 Nxf5 24. Bxf4 Rh8 25. Qxh8 1-0

[Event "Cappelle Open"]
[Site "Cappelle la Grande FRA"]
[Date "1993.??.??"]
[Round "5"]
[White "Reinderman, Dimitri"]
[Black "Rausis, Igors"]
[Result "0-1"]
[WhiteElo "2415"]
[BlackElo "2560"]
[PlyCount "50"]
[EventDate "1993.02.??"]
[Source "www.chesslib.no"]
[SourceDate "2004.05.04"]

1. e4 e5 2. f4 exf4 3. Nf3 Ne7 4. d4 d5 5. Nc3 dxe4 6. Nxe4 Nd5 7. Bc4 Be7 8. Qe2 O-O 9. Bxd5 Qxd5 10. Bxf4 Bg4 11. O-O-O Nc6 12. Nc3 Qf5 13. Bxc7 Rac8 14. Bg3 Rfd8 15. Rhf1 Bf6 16. h3 Bh5 17. Bh2 Qa5 18. g4 Bg6 19. Be5 Nb4 20. Bxf6 gxf6 21. Ne1 Rxc3 22. bxc3 Nxa2+ 23. Kb2 Nxc3 24. Qf3 Qb4+ 25. Kc1 Na2# 0-1

[Event "Oberliga Nord N9899"]
[Site "GER"]
[Date "1999.??.??"]
[Round "?"]
[White "Kulaots, Kaido"]
[Black "Levin, Felix"]
[Result "1/2-1/2"]
[WhiteElo "2445"]
[BlackElo "2480"]
[PlyCount "42"]
[EventDate "1998.??.??"]
[Source "www.chesslib.no"]
[SourceDate "2004.05.04"]

1. e4 e5 2. f4 exf4 3. Nf3 Ne7 4. d4 d5 5. Nc3 dxe4 6. Nxe4 Nd5 7. Bd3 Be7 8. O-O O-O 9. c4 Ne3 10. Bxe3 fxe3 11. Qe2 Bg4 12. Qxe3 Bxf3 13. Rxf3 Nc6 14. d5 Ne5 15. Rf5 Nxd3 16. Qxd3 g6 17. Re5 Bd6 18. Nxd6 cxd6 19. Re2 Qb6+ 20. Kh1 Rfe8 21. Rae1 Rxe2 1/2-1/2

[Event "Bozen op"]
[Site "Bozen"]
[Date "1998.06.20"]
[Round "9"]
[White "Belotti, Bruno"]
[Black "Skembris, Spyridon"]
[Result "1/2-1/2"]
[WhiteElo "2420"]
[BlackElo "2490"]
[PlyCount "125"]
[EventDate "1998.06.13"]
[Source "ChessBase"]
[SourceDate "1998.09.09"]

1. e4 e5 2. f4 exf4 3. Nf3 Ne7 4. Nc3 Ng6 5. Bc4 Be7 6. O-O c6 7. d4 O-O 8. Bb3 a5 9. Kh1 d6 10. Ne1 b5 11. a4 b4 12. Ne2 Be6 13. c3 Bxb3 14. Qxb3 d5 15. exd5 Qxd5 16. Qc2 bxc3 17. bxc3 Qc4 18. Qd3 Qxd3 19. Nxd3 Nd7 20. Bxf4 Nb6 21. Rfb1 Nxf4 22. Nexf4 Rab8 23. Ne5 Rfc8 24. Rb3 f6 25. Nf3 Bd6 26. Nd3 Re8 27. Kg1 Nc4 28. Rab1 Rxb3 29. Rxb3 Re2 30. Rb7 Ra2 31. Nc5 Bxc5 32. dxc5 Ne3 33. Re7 Rxg2+ 34. Kh1 Re2 35. Kg1 Kf8 36. Re6 Kf7 37. Nd4 f5 38. Rxc6 Rg2+ 39. Kh1 Ra2 40. Kg1 f4 41. h4 Rxa4 42. Ra6 Rc4 43. Rxa5 Rxc3 44. c6 Kf6 45. Ne2 Rxc6 46. Nxf4 Rc4 47. Nh5+ Kg6 48. Rg5+ Kh6 49. Nxg7 Rxh4 50. Rg3 Rg4 51. Rxg4 Nxg4 52. Ne6 Kh5 53. Kg2 Kh4 54. Nf4 Ne3+ 55. Kf3 Nf5 56. Ng2+ Kg5 57. Nf4 h6 58. Ne6+ Kh4 59. Kf4 Ne7 60. Ng7 Kh3 61. Ke5 Ng6+ 62. Kf6 Nf4 63. Nf5 1/2-1/2

[Event "Ch"]
[Site "Tashkent (Uzbekistan)"]
[Date "1988.??.??"]
[Round "?"]
[White "Nadyrhanov, Sergey"]
[Black "Graf, Alexander"]
[Result "0-1"]
[WhiteElo "2460"]
[BlackElo "2445"]
[PlyCount "44"]
[EventDate "1988.??.??"]
[Source "www.chesslib.no"]
[SourceDate "2004.05.04"]

1. e4 e5 2. f4 exf4 3. Nf3 Ne7 4. d4 d5 5. Nc3 dxe4 6. Nxe4 Ng6 7. h4 h5 8. Bc4 Qe7 9. Kf2 Be6 10. Bd3 Nc6 11. Neg5 Rh6 12. Nxe6 fxe6 13. Bxg6+ Rxg6 14. Bxf4 Rg4 15. Qd2 Qf7 16. g3 O-O-O 17. Qe3 Bd6 18. Bxd6 Rxd6 19. c3 Qg6 20. Rhg1 e5 21. dxe5 Rd3 22. Qe2 Qf5 0-1

[Event "Madrid ESP, Closed IM 2005"]
[Site "?"]
[Date "2005.10.31"]
[Round "4.6"]
[White "Asis Gargatagli Hipolit"]
[Black "Mirzoev Azer"]
[Result "0-1"]
[WhiteElo "2381"]
[BlackElo "2520"]
[PlyCount "48"]
[EventDate "2005.??.??"]
[Source "www.chesslib.no"]
[SourceDate "2004.05.04"]

1. e4 e5 2. f4 exf4 3. Nf3 Ne7 4. d4 d5 5. Qe2 Ng6 6. h4 h5 7. exd5+ Be7 8. Nc3 O-O 9. Bd2 Bg4 10. O-O-O Nd7 11. Ne4 Nf6 12. Nxf6+ Bxf6 13. Qb5 Re8 14. Qb3 a6 15. Bd3 Nxh4 16. Rdg1 Bxf3 17. gxf3 Bxd4 18. Bc3 Bxg1 19. Rxg1 g6 20. Qc4 Qe7 21. Be4 Kh7 22. Qd4 f5 23. Rh1 fxe4 24. Rxh4 exf3 0-1

[Event "Formia Open"]
[Site "Formia"]
[Date "1994.??.??"]
[Round "1"]
[White "Lanzani, Mario"]
[Black "Malaniuk, Vladimir P"]
[Result "0-1"]
[WhiteElo "2300"]
[BlackElo "2595"]
[PlyCount "36"]
[EventDate "1994.??.??"]
[Source "www.chesslib.no"]
[SourceDate "2004.05.04"]

1. e4 e5 2. f4 exf4 3. Nf3 Ne7 4. d4 d5 5. e5 Ng6 6. h4 Bg4 7. h5 Nh4 8. Bxf4 Bxh5 9. Qd3 Nxf3+ 10. gxf3 Bg6 11. Qb5+ Nc6 12. Qxb7 Nxd4 13. Bb5+ Nxb5 14. Qc6+ Ke7 15. Bg5+ f6 16. exf6+ Kf7 17. fxg7 Qe8+ 18. Qxe8+ Rxe8+ 0-1

[Event "Koop Tjuchem op"]
[Site "Groningen"]
[Date "1996.??.??"]
[Round "2"]
[White "Sulskis, Sarunas"]
[Black "Lelchuk, Zoja"]
[Result "0-1"]
[WhiteElo "2515"]
[BlackElo "2350"]
[PlyCount "100"]
[EventDate "1996.12.20"]
[Source "www.chesslib.no"]
[SourceDate "2004.05.04"]

1. e4 e5 2. f4 exf4 3. Nf3 Ne7 4. Nc3 d5 5. Bb5+ c6 6. Ba4 b5 7. Bb3 b4 8. Nxd5 cxd5 9. exd5 Nxd5 10. Qe2+ Be6 11. Ba4+ Nd7 12. Bc6 Be7 13. Bxa8 Qxa8 14. Nd4 Bh4+ 15. Kd1 O-O 16. Nxe6 fxe6 17. d3 Ne3+ 18. Bxe3 fxe3 19. Qxe3 Qxg2 20. Qg1 Qf3+ 21. Kc1 Nc5 22. Qd1 Qf6 23. a3 Na4 24. d4 Rd8 25. axb4 Rxd4 26. Rxa4 Rxd1+ 27. Rxd1 h6 28. Kb1 Bf2 29. Rf1 Qh4 30. Ra3 Qxb4 31. Rf3 Bh4 32. Re3 Bf6 33. c3 Qc4 34. Rd1 e5 35. h3 Qf4 36. Rde1 Kh7 37. Kc2 Qf5+ 38. Kb3 Bg5 39. Rxe5 Qxh3 40. Ra5 Qd7 41. Ree5 Qf7+ 42. Kc2 Qf2+ 43. Kb1 Bf6 44. Rf5 Qe1+ 45. Ka2 Qe6+ 46. Ka1 a6 47. Rfc5 Qb6 48. Rd5 g5 49. Ra4 h5 50. Rda5 h4 0-1

[Event "Bodensee-Cup"]
[Site "Germany"]
[Date "1996.??.??"]
[Round "2"]
[White "Zeller, Frank"]
[Black "Beikert, Guenther"]
[Result "1-0"]
[WhiteElo "2400"]
[BlackElo "2455"]
[PlyCount "119"]
[EventDate "1996.??.??"]
[Source "ChessBase"]

1. e4 e5 2. f4 exf4 3. Nf3 Ne7 4. d4 d5 5. e5 Ng6 6. Bd3 Be7 7. O-O Nc6 8. Nc3 Nb4 9. Bxg6 hxg6 10. a3 Nc6 11. Bxf4 g5 12. Be3 g4 13. Ne1 Bg5 14. Qd2 Bxe3+ 15. Qxe3 Qh4 16. Qf4 Be6 17. Ne2 O-O-O 18. Nd3 Rh7 19. c3 Rdh8 20. Nc5 Ne7 21. Qg3 Nf5 22. Qxh4 Rxh4 23. Ng3 Rxh2 24. Nxf5 Bxf5 25. Rxf5 g3 26. Kf1 Rh1+ 27. Ke2 Rxa1 28. Rxf7 b6 29. Na6 Rhh1 30. Rxc7+ Kd8 31. Kf3 Ra2 32. Rxg7 Rxb2 33. Nb4 Rg1 34. Rxg3 Rf1+ 35. Ke3 Rg1 36. Rg8+ Kd7 37. Rg7+ Ke6 38. Rg6+ Kf7 39. Rf6+ Kg7 40. Nxd5 Rbxg2 41. Nf4 Ra2 42. Rc6 Rxa3 43. Rc7+ Kf8 44. Ke4 Rc1 45. c4 b5 46. c5 b4 47. Rb7 a5 48. Ng6+ Kg8 49. e6 Rg3 50. Ne5 Kf8 51. Kd5 Rg7 52. e7+ Rxe7 53. Ng6+ Ke8 54. Rxe7+ Kd8 55. Kd6 Rf1 56. Re6 b3 57. Ne5 Rf8 58. Nc6+ Kc8 59. Nxa5 Rd8+ 60. Ke5 1-0

[Event "Keres mem op"]
[Site "Tallin"]
[Date "1998.06.19"]
[Round "6"]
[White "Kulaots, Kaido"]
[Black "Sepp, Olav"]
[Result "1/2-1/2"]
[WhiteElo "2450"]
[BlackElo "2400"]
[PlyCount "38"]
[EventDate "1998.06.??"]
[Source "www.chesslib.no"]
[SourceDate "2004.05.04"]

1. e4 e5 2. f4 exf4 3. Nf3 Ne7 4. d4 d5 5. Nc3 dxe4 6. Nxe4 Nd5 7. Bd3 Nc6 8. O-O Bg4 9. c3 Be7 10. Bb5 O-O 11. Bxc6 bxc6 12. Qa4 Nb6 13. Qc2 f5 14. Nc5 Bxf3 15. Rxf3 Bxc5 16. dxc5 Nd5 17. Bxf4 Qe7 18. Qf2 Rae8 19. c4 Nxf4 1/2-1/2

[Event "Milan Pentium4 2nd"]
[Site "Milan"]
[Date "2002.07.14"]
[Round "6"]
[White "Lanzani, Mario"]
[Black "Godena, Michele"]
[Result "0-1"]
[WhiteElo "2349"]
[BlackElo "2488"]
[PlyCount "120"]
[EventDate "2002.07.09"]
[Source "ChessBase"]
[SourceDate "2002.09.11"]

1. e4 e5 2. f4 exf4 3. Nf3 Ne7 4. Bc4 d5 5. exd5 Nxd5 6. O-O Be6 7. Bb3 c5 8. Nc3 c4 9. Ba4+ Nc6 10. d4 cxd3 11. cxd3 Be7 12. Nxd5 Bxd5 13. Bxf4 O-O 14. Bxc6 Bxc6 15. Be5 Qd5 16. Bc3 Rad8 17. Qe1 Bd6 18. Qf2 Rfe8 19. Kh1 Re6 20. Qd4 Rg6 21. Qxd5 Bxd5 22. Rae1 Re6 23. Rxe6 Bxe6 24. a3 Bc5 25. d4 Bb6 26. Kg1 f6 27. Kf2 Bd5 28. Rd1 Kf7 29. Ne1 Be4 30. Rd2 h5 31. Nc2 h4 32. Ne3 Bc7 33. Nf1 Bc6 34. h3 Bf4 35. Rd1 Bd5 36. Bd2 Bc7 37. Rc1 Bb6 38. Be3 Bc6 39. Rd1 g5 40. Rd2 Kg6 41. Nh2 Bd5 42. Rc2 Rd7 43. Nf3 Rc7 44. Rc3 Rxc3 45. bxc3 Bc7 46. Nd2 b5 47. a4 Ba5 48. Nb1 bxa4 49. Bd2 Bc7 50. Bc1 Bg3+ 51. Kf1 Kf5 52. Na3 Bd6 53. Kf2 Bg3+ 54. Kg1 Bd6 55. Nb5 Be7 56. Ba3 Bxa3 57. Nxa3 Ke4 58. c4 Bxc4 59. Nxc4 Kxd4 60. Nd6 a6 0-1

[Event "ISR-chT"]
[Site "?"]
[Date "2002.01.26"]
[Round "3"]
[White "Haimovich Tal"]
[Black "Roiz Michael"]
[Result "1/2-1/2"]
[WhiteElo "2327"]
[BlackElo "2507"]
[PlyCount "64"]
[EventDate "2002.??.??"]
[Source "www.chesslib.no"]
[SourceDate "2004.05.04"]

1. e4 e5 2. f4 exf4 3. Nf3 Ne7 4. Bc4 d5 5. exd5 Nxd5 6. Bxd5 Qxd5 7. Nc3 Qd8 8. d4 Be7 9. Bxf4 O-O 10. O-O c6 11. Qd3 Na6 12. a3 Nc7 13. Rae1 Bg4 14. Ne5 Be6 15. Ne4 f6 16. Nf3 Bf7 17. Nh4 Ne6 18. Be3 g6 19. Nf3 Re8 20. c4 f5 21. Nc3 Bf6 22. Qd2 Qd6 23. Rd1 Rad8 24. Bf2 Qf4 25. Qc2 Ng5 26. Nxg5 Qxg5 27. b3 b5 28. d5 bxc4 29. bxc4 Qg4 30. Qd3 cxd5 31. Nxd5 Bxd5 32. cxd5 Rd7 1/2-1/2

[Event "GER-ch 71st"]
[Site "Altenkirchen"]
[Date "1999.11.12"]
[Round "1"]
[White "Kindermann, Stefan"]
[Black "Walter, Guenter"]
[Result "1-0"]
[WhiteElo "2527"]
[BlackElo "2305"]
[PlyCount "39"]
[EventDate "1999.11.12"]
[Source "ChessBase"]
[SourceDate "2000.02.01"]

1. e4 e5 2. f4 exf4 3. Nf3 Ne7 4. d4 d5 5. Nc3 dxe4 6. Nxe4 Ng6 7. h4 h5 8. Bc4 Be6 9. Bxe6 fxe6 10. Qe2 Nc6 11. Neg5 e5 12. Qe4 Qf6 13. d5 Nb4 14. Bd2 Na6 15. Qa4+ c6 16. Ne4 Qe7 17. dxc6 O-O-O 18. O-O-O Qc7 19. Ba5 b6 20. Rxd8+ 1-0

[Event "Cali zt"]
[Site "Cali"]
[Date "1990.??.??"]
[Round "1"]
[White "Paneque, Pedro"]
[Black "Arencibia, Walter"]
[Result "1/2-1/2"]
[WhiteElo "2380"]
[BlackElo "2425"]
[PlyCount "44"]
[EventDate "1990.04.??"]
[Source "ChessBase"]

1. e4 e5 2. f4 exf4 3. Nf3 Ne7 4. d4 d5 5. Bd3 dxe4 6. Bxe4 Ng6 7. h4 Bd6 8. Qd3 Nd7 9. Nc3 Nf6 10. h5 Ne7 11. Ne5 Nxe4 12. Qxe4 Bf5 13. Qe2 f6 14. Nd3 Qd7 15. O-O Bg4 16. Qe4 Bxh5 17. Qxb7 O-O 18. Bxf4 Bxf4 19. Rxf4 Ng6 20. Rf2 Qxd4 21. Nb5 Rab8 22. Nxd4 Rxb7 1/2-1/2

[Event "Skei"]
[Site "Skei"]
[Date "1993.??.??"]
[Round "2"]
[White "Engedal, Kim Nikolai"]
[Black "Rausis, Igors"]
[Result "0-1"]
[WhiteElo "2240"]
[BlackElo "2560"]
[PlyCount "69"]
[EventDate "1993.??.??"]
[Source "ChessBase"]

1. e4 e5 2. f4 exf4 3. Nf3 Ne7 4. Bc4 d5 5. exd5 Nxd5 6. O-O Be6 7. Qe2 Be7 8. Nc3 Nc6 9. d4 O-O 10. Nxd5 Bxd5 11. c3 Bxc4 12. Qxc4 Bd6 13. Ne1 Qh4 14. d5 Ne5 15. Qd4 Ng6 16. Nd3 b6 17. b4 a5 18. a3 axb4 19. cxb4 Rfe8 20. Ra2 Re7 21. Nxf4 Rae8 22. Qf2 Qg4 23. h3 Qd7 24. Nxg6 hxg6 25. Qf3 Re5 26. Raf2 f6 27. Qd3 Qf7 28. Rd1 Rd8 29. Kf1 Bf8 30. Rfd2 Qe8 31. Bb2 Re3 32. Qc4 Bd6 33. Rf2 Qe7 34. Qc2 Re8 35. Re2 0-1